00344 a2200133 450000100060000002000180000604000220002410000380004624000420008424500370012630000080016336200090017165000300018063992 a9788588782556 cAnchieta - Pituba aSchulz, Peter Alexander Bleinroth10aA encruzilhada da nanotecnologialpor10aA encruzilhada da nanotecnologia a1280 a2009 4aVibrações mecânicas